000 00909nam a22002297a 4500
005 20180310113834.0
010 _a1617EN ENG-116366
020 _a9788184303582
_c250.00
035 _aEN-99898
035 _aB-647944-949
035 _aB-667798
037 _bOcean
_adpl
082 _a351.092
100 _aDewedy,Mahesh Chandra
245 _aInteresting exposures of administration /
_cby Mahesh Chandra Dewedy
260 _aNew Delhi
_bOcean Books
_c2016
270 _a4/19, Asaf Ali Road,
_bNew Delhi
_e110002
300 _a166p.
_c22cm(Hb)
942 _2ddc
_cEN
_h351.092
_mDEW
999 _c102480
_d102480